Homilías sobre el éxodo

Збережено в:
Бібліографічні деталі
Співавтор: Orígenes (Автор)
Формат: Книга
Мова:Іспанська
Опубліковано: Madrid Ciudad Nueva 1992
Серія:Biblioteca de Patrística, 17
Предмети:
Теги: Додати тег
Немає тегів, Будьте першим, хто поставить тег для цього запису!

MARC

LEADER 00000nam a2200000 a 4500
001 UCU7359
003 CL-VaPUC
008 960628e19920000SP |||||||||||||||||spa|d
082 0 4 |a 281  |b ORI  |2 21 
110 2 |a Orígenes  |e author  |9 366157 
245 1 0 |a Homilías sobre el éxodo 
300 |a 228 p 
942 |c BK 
945 |d 19960628 00:00:00  |a aalvarez 
260 |a Madrid  |b Ciudad Nueva  |c 1992 
650 0 |a Patrística  |9 322007 
650 0 |a Padres de la Iglesia  |9 313352 
650 7 |a EXODO  |2 CL-VaPUC  |9 320762 
650 0 |a Patrología  |9 349346 
583 |a last modification  |c 19960628 00:00:00  |k Rodrigo Vera 
490 0 |a Biblioteca de Patrística, 17 
999 |c 250020  |d 250018 
952 |0 0  |1 0  |4 0  |6 281_000000000000000_ORI_1992  |7 0  |8 A  |9 267653  |a BIBTEO  |b BIBTEO  |d 2019-11-19  |i 321124K  |o 281 ORI 1992  |p 321124K  |r 2024-01-18  |w 2019-11-19  |y BK  |k ICR 
952 |0 0  |1 0  |4 0  |6 281_000000000000000_ORI_1992  |7 0  |8 A  |9 267654  |a BIBTEO  |b BIBTEO  |d 2019-11-19  |i 3678334  |o 281 ORI 1992  |p 3678334  |r 2024-01-18  |w 2019-11-19  |y BK  |k ICR